000 01214nam a2200229 a 4500
008 190121s2012 ||||||||||||||||| || u
020 _a9780273723684
050 _aHF 5437 Lys
100 _aFarrington, Brian
245 1 0 _aPurchasing and supply chain management. (8th ed.)
_cby Kenneth Lysons and Brian Farrington
250 _a8th edition
260 _aHarlow, England:
_bPearson Education Limited
_c2012
300 _axix, 687p.: ill.
350 _a8.56
650 0 _aPURCHASING
650 _aBUSINESS LOGISTICS
700 _aLysons, Kenneth
995 _aANNEX COLLECTION (Main Library)
_e748811
_FCBU-MAIN LIBRARY (Kitwe)
_I8.56
_jHF 5437 Lys
_M1
_UAVAILABLE
_WJan 23, 2019
_y748811
_ZAnnex Low-Usage Collection
995 _aANNEX COLLECTION (Main Library)
_e748812
_FCBU-MAIN LIBRARY (Kitwe)
_I8.56
_jHF 5437 Lys
_M2
_UAVAILABLE
_WJan 23, 2019
_y748812
_ZAnnex Low-Usage Collection
995 _aMAIN LIBRARY OPEN ACCESS
_e748813
_FCBU-MAIN LIBRARY (Kitwe)
_I8.56
_jHF 5437 Lys
_M3
_UAVAILABLE
_WJan 23, 2019
_y748813
_ZMain Library Open Access Collection
995 _aMAIN LIBRARY OPEN ACCESS
_e748814
_FCBU-MAIN LIBRARY (Kitwe)
_I8.56
_jHF 5437 Lys
_M4
_UAVAILABLE
_WJan 23, 2019
_y748814
_ZMain Library Open Access Collection
999 _c77170
_d77170